<?xml version="1.0" encoding="UTF-8"?>
<record
    xmlns:xsi="http://www.w3.org/2001/XMLSchema-instance"
    xsi:schemaLocation="http://www.loc.gov/MARC21/slim http://www.loc.gov/standards/marcxml/schema/MARC21slim.xsd"
    xmlns="http://www.loc.gov/MARC21/slim">

  <leader>01131nam a22002057a 4500</leader>
  <controlfield tag="001">2870</controlfield>
  <controlfield tag="003">HMS</controlfield>
  <controlfield tag="005">20251023112048.0</controlfield>
  <controlfield tag="008">251023e1971    cl ||||gr|||| 00| f spa  </controlfield>
  <datafield tag="040" ind1=" " ind2=" ">
    <subfield code="a">hms</subfield>
    <subfield code="b">spa</subfield>
    <subfield code="c">hms</subfield>
  </datafield>
  <datafield tag="082" ind1="0" ind2="4">
    <subfield code="a">Ch863 B277</subfield>
  </datafield>
  <datafield tag="100" ind1="1" ind2=" ">
    <subfield code="a">Barros Grez, Daniel, </subfield>
    <subfield code="d">1834-1904</subfield>
    <subfield code="e">autor</subfield>
    <subfield code="9">4494</subfield>
  </datafield>
  <datafield tag="245" ind1="1" ind2="0">
    <subfield code="a">Cuatro Remos /</subfield>
    <subfield code="c">Daniel Barros Grez</subfield>
    <subfield code="h">[libro]</subfield>
  </datafield>
  <datafield tag="250" ind1=" " ind2=" ">
    <subfield code="a">Primera edici&#xF3;n, 31 de mayo 1971</subfield>
  </datafield>
  <datafield tag="260" ind1=" " ind2=" ">
    <subfield code="a">Santiago de Chile :</subfield>
    <subfield code="b">Empresa Editorial Nacional Quimantu Ltda.,</subfield>
    <subfield code="c">1971</subfield>
  </datafield>
  <datafield tag="300" ind1=" " ind2=" ">
    <subfield code="a">168 p&#xE1;ginas :</subfield>
    <subfield code="c">18 cm.</subfield>
  </datafield>
  <datafield tag="500" ind1=" " ind2=" ">
    <subfield code="a">Incluye &#xED;ndice</subfield>
  </datafield>
  <datafield tag="520" ind1=" " ind2=" ">
    <subfield code="a">"Cuando el perro Cuatro Remos, h&#xE9;roe de esta obra del novelista chileno Daniel Barros Grez (1834-1904), sale a escena, se nos muestra como posible la visi&#xF3;n de distintos tipos de existencias y conductas. Es incre&#xED;ble el entusiasmo que despert&#xF3; este libro cuando comenz&#xF3; a publicarse como follet&#xED;n de un diario de la &#xE9;poca (1883). No poco de este inter&#xE9;s puede revivir ahora, cuando es preciso trazar la verdadera historia de la vida chilena, a trav&#xE9;s de estas p&#xE1;ginas finas, graciosas y amable" -- portada posterior. </subfield>
  </datafield>
  <datafield tag="942" ind1=" " ind2=" ">
    <subfield code="2">ddc</subfield>
    <subfield code="c">COL GRAL</subfield>
    <subfield code="n">0</subfield>
  </datafield>
  <datafield tag="999" ind1=" " ind2=" ">
    <subfield code="c">2870</subfield>
    <subfield code="d">2870</subfield>
  </datafield>
  <datafield tag="952" ind1=" " ind2=" ">
    <subfield code="0">0</subfield>
    <subfield code="1">0</subfield>
    <subfield code="2">ddc</subfield>
    <subfield code="4">0</subfield>
    <subfield code="7">0</subfield>
    <subfield code="8">Col. Res.</subfield>
    <subfield code="a">BHMS</subfield>
    <subfield code="b">BHMS</subfield>
    <subfield code="c">Full Space</subfield>
    <subfield code="d">2025-10-23</subfield>
    <subfield code="e">Donaci&#xF3;n</subfield>
    <subfield code="i">001159</subfield>
    <subfield code="l">0</subfield>
    <subfield code="o">Ch863 B277 1971</subfield>
    <subfield code="p">001159</subfield>
    <subfield code="r">2025-10-23 10:30:00</subfield>
    <subfield code="t">c.1</subfield>
    <subfield code="w">2025-10-23</subfield>
    <subfield code="y">CP</subfield>
  </datafield>
</record>
